<A> Symbiotic Relationship of Language and Culture
Komplexný vzťah medzi kultúrou a jazykom v rámci interdisciplinárneho výskumu prejavov konceptualizácie v jazyku. Príklady schém predstavujúcich špecifické pohľady na svet typických pre rôzne kultúry a dokazujúcich, že v jazyku sa presadzuje osobné, fyzické a predovšetkým antropomorfné vnímanie svet...
Enregistré dans:
| Auteur principal: | |
|---|---|
| Format: | Chapitre de livre |
| Langue: | anglais |
| Sujets: | |
| Tags: |
Pas de tags, Soyez le premier à ajouter un tag!
|
MARC
| LEADER | 00000naa$a2200000$$$4500 | ||
|---|---|---|---|
| 001 | 0277366 | ||
| 005 | 20240502074324.8 | ||
| 041 | 0 | |a eng | |
| 044 | |a SK | ||
| 245 | 1 | 0 | |a <A> Symbiotic Relationship of Language and Culture |c Tatiana Hrivíková |
| 520 | |a Komplexný vzťah medzi kultúrou a jazykom v rámci interdisciplinárneho výskumu prejavov konceptualizácie v jazyku. Príklady schém predstavujúcich špecifické pohľady na svet typických pre rôzne kultúry a dokazujúcich, že v jazyku sa presadzuje osobné, fyzické a predovšetkým antropomorfné vnímanie sveta vo forme „naivného“ pohľadu na svet. Kultúrne kategórie a kultúrou vytvorené metafory ako dôkaz rozdielnej skúsenosti skupín ľudí, či kultúrnych komunít a ich odlišného emočného a morálneho hodnotenia okolitého sveta. | ||
| 610 | 2 | 0 | |a jazykoveda |
| 610 | 2 | 0 | |a frazeológia |
| 610 | 2 | 0 | |a kultúra |
| 610 | 2 | 0 | |a rozdiely kultúrne |
| 610 | 2 | 0 | |a rozmanitosť kultúrna |
| 610 | 2 | 0 | |a slovenčina |
| 610 | 2 | 0 | |a angličtina |
| 610 | 2 | 0 | |a kulturológia |
| 100 | 1 | |a Hrivíková, Tatiana, 1959- | |